| 000 | 00519nam a2200181Ia 4500 | ||
|---|---|---|---|
| 005 | 20250508154827.0 | ||
| 008 | 008 250505s9999 xx 000 0 eng d | ||
| 037 | _aTextual | ||
| 040 |
_aFEDL _beng _cFEDL |
||
| 041 |
_aeng _2eng |
||
| 084 |
_a364.36, CIC _qFEDL |
||
| 100 |
_aCicourel AAron V. _9134216 |
||
| 245 | 0 | _aSocial organization of juvenile justice | |
| 260 |
_aNew York, USA _bJohn Wiley and Sons _c1968 |
||
| 300 | _aix,345p. | ||
| 942 |
_cTEXL _h364.36, CIC |
||
| 999 |
_c1352342 _d1352342 |
||